Potrebuje invazívny kardiológ kardiochirurgické zabezpečenie počas primárnej perkutánnej transluminálnej koronárnej angioplastiky?

Bibliographic Details
Main Authors: Kovář, František, 1958- (Author), Kurray, Peter (Author), Vršanský, Dušan, 1948- (Author)
Format: Article
Language:Slovak
PhysicalDescription:Obr.
ISSN:1210-0048
Subjects:

MARC

LEADER 00000nab a2200000 a 4500
001 vtls000699003
003 SK-MaSNL
005 20260304101928.0
008 250425c1999 xo 0 slo
015 |a SNBRB1999/09-19223 
035 |a CLN000051170 
035 |a urn:nbn:sk:snk-ab33pm 
035 |a (urnnbn)urn:nbn:sk:snk:ar-a05t3o 
035 |a (uuid)a58d7f85-9306-41df-bebd-185f760131b0 
040 |a SNKBUCL  |b slo  |c SNKBUCL  |e AACR2 
041 0 |a slo 
044 |a xo  |c SK 
080 |a 616.132-089  |2 1997 
080 |a 616.127-005.8  |2 1997 
100 1 |a Kovář, František,  |d 1958-  |4 aut  |9 195287 
245 1 0 |a Potrebuje invazívny kardiológ kardiochirurgické zabezpečenie počas primárnej perkutánnej transluminálnej koronárnej angioplastiky?  |c František Kovář, Peter Kurray, Dušan Vršanský 
300 |b Obr. 
650 0 7 |a angioplastika transluminálna perkutánna  |2 SNK  |9 916532 
650 0 7 |a myokard  |2 SNKPH  |9 14737 
650 0 7 |a infarkt myokardu  |2 SNKPH  |9 2496 
650 0 7 |a chirurgická revaskularizácia  |2 SNK  |9 1398153 
655 7 |a články z novín a časopisov  |2 SNK  |9 267496 
700 1 |a Kurray, Peter  |4 aut  |9 869989 
700 1 |a Vršanský, Dušan,  |d 1948-  |4 aut  |9 16237 
773 0 |t Kardiológia  |g Roč. 8, č. 4 (1999), s. 197-200  |x 1210-0048 
850 |a Slovenská národná knižnica 
852 |a Slovenská národná knižnica 
958 |a article27 
958 |a OND 
958 |a NB 
999 |c 2843267  |d 2845197